Most Expensive Neighborhoods in The U.S. - Statistics

General Stats
  • This quiz has been taken 64 times
  • The average score is 20 of 51
Answer Stats
Neighborhood Median Home Price Zip Code State % Correct
Beverly Hills $6,062,925 90210 California
100%
TriBeCa $4,736,779 10013 New York
96%
Potomac $1,346,967 20854 Maryland
89%
Kilauea $2,285,904 96754 Hawaii
87%
Santa Fe $1,041,957 87506 New Mexico
77%
Cedar Rapids' Northwest $450,469 52411 Iowa
66%
Beacon Hill $3,382,008 02108 Massachusetts
66%
Bismarck $346,664 58503 North Dakota
64%
Greenwich $2,625,154 06831 Connecticut
62%
Park City $1,989,696 84060 Utah
58%
Bellevue $2,608,882 98004 Washington
58%
Kennebunkport $727,765 04046 Maine
57%
Snowmass $3,355,488 81654 Colorado
51%
McLean $1,609,905 22101 Virginia
51%
Ketchum $1,488,696 83340 Idaho
47%
Villanova $1,370,992 19085 Pennsylvania
45%
Block Island $1,162,988 02807 Rhode Island
43%
Fisher Island $3,592,981 33109 Florida
40%
Georgetown $1,246,663 20007 District of Columbia
38%
Lake Oswego $1,134,196 97034 Oregon
38%
Hillside East $537,129 99516 Alaska
34%
Alpine $4,167,988 07620 New Jersey
34%
Sea Island $2,786,717 31561 Georgia
32%
Rye $838,873 03870 New Hampshire
32%
Franklin $893,418 37069 Tennessee
32%
Wayzata $1,185,877 55391 Minnesota
30%
University Park $1,623,790 75205 Texas
30%
Mountain Brook $611,612 35223 Alabama
28%
Paradise Valley $2,263,540 85253 Arizona
28%
Kenilworth $1,517,467 60043 Illinois
28%
Birmingham $923,630 48009 Michigan
28%
Indian Hill $743,893 45243 Ohio
28%
Sullivan's Island $2,281,404 29482 South Carolina
28%
Charlotte $721,728 05445 Vermont
28%
Zionsville $560,520 46077 Indiana
26%
Myers Park/Eastover $1,260,133 28207 North Carolina
26%
White Sulphur Springs $701,507 24986 West Virginia
26%
Madison $397,004 39110 Mississippi
25%
Westover Hills $890,829 19807 Delaware
23%
Leawood $1,078,967 66211 Kansas
23%
Arcadia $683,152 73007 Oklahoma
23%
Wilson $893,418 83014 Wyoming
23%
Asbell $417,265 72703 Arkansas
21%
Glenbrook $4,159,008 89413 Nevada
21%
Goshen $545,298 40026 Kentucky
19%
Lakeview $511,027 70124 Louisiana
19%
Ladue $1,202,740 63124 Missouri
19%
Hill City $421,625 57745 South Dakota
19%
Elm Grove $584,018 53122 Wisconsin
19%
Elkhorn $447,656 68022 Nebraska
17%
Cameron $1,028,946 59720 Montana
15%
No matching quizzes found
Score Distribution
Percent of People with Each Score
Percentile by Number Answered
Your Score History
You have not taken this quiz